000 01158cam a2200133 4500500
005 20260329023225.0
041 _afre
042 _adc
100 1 0 _aVanoye, Francis
_eauthor
245 0 0 _aScénarios modèles, modèles de scénarios
260 _bArmand Colin,
_c2008.
520 _aLe scénario de film est une forme trés particulière d'écriture. Les modèles diffèrent et évoluent selon les époques, les contextes de production, les conditions d'écriture. L'auteur l'envisage tout particulièrement comme un ensemble de propositions visant à modeler un film dans ses contenus, ses structures narratives, ses dialogues. Cette nouvelle édition, première véritable révision de l'ouvrage depuis sa parution en 1991, a donné lieu à une modernisation des références filmiques invoquées, avec étude d'exemples récents et à l'introduction d'analyses de scénarios de séries télé ; enfin le dernier chapitre, sur la question de la construction des personnages au cinéma, a été entièrement repris.
856 4 1 _uhttps://shs.cairn.info/scenarios-modeles-modeles-de-scenarios--9782200351298?lang=fr&redirect-ssocas=7080
999 _c1925602
_d1925602